000 00301nam a2200121 a 4500
005 20140414131923.0
008 101026s19uu xx 00 eng d
050 _aER
_bF49 2003
100 _aSperring, Mark
245 _aFind-a-saurus.
260 _bScholastic ,
_c2003.
_aNew York :
999 _c111877
_d111877